[Event "Madrid Tajamar Easter op-B"]
[Site "Madrid"]
[Date "2018.03.26"]
[Round "6"]
[White "Aldea Moreno, Marina"]
[Black "Manso Santamaria, Juan Carlos"]
[Result "1/2-1/2"]
[WhiteElo "1627"]
[BlackElo "1672"]
[PlyCount "82"]
[EventDate "2018.03.22"]
[EventType "swiss"]
[EventRounds "7"]
[EventCountry "ESP"]
[SourceTitle "EXT 2019"]
[Source "ChessBase"]
[SourceDate "2018.10.10"]
[SourceVersion "1"]
[SourceVersionDate "2018.10.10"]
[SourceQuality "1"]

1. e4 c5 2. c3 d5 3. exd5 Qxd5 4. d4 Nf6 5. Nf3 e6 6. Bd3 cxd4 7. cxd4 Nc6 8. Bc2 Bb4+ 9. Nc3 Qd6 10. 0-0 b6 11. Nb5 Qd7 12. Bf4 Nd5 13. Ne5 Nxe5 14. Bxe5 Bb7 15. Qd3 f5 16. Bb3 0-0 17. Rac1 Ba6 18. Bc4 Rac8 19. a4 Rc6 20. Qg3 Rfc8 21. b3 Qe7 22. Rc2 g6 23. h4 Rf8 24. f4 Bc8 25. Ra2 a6 26. h5 g5 27. fxg5 f4 28. Bxf4 Nxf4 29. Rxf4 Rxf4 30. Qxf4 axb5 31. axb5 Rc7 32. Re2 Qf7 33. Qe5 Re7 34. h6 Qg6 35. Qb8 Re8 36. Qxb6 Bc3 37. Qd6 Qxg5 38. b6 Qc1+ 39. Kh2 Qxh6+ 40. Kg1 Qc1+ 41. Kh2 Qh6+ 1/2-1/2

[Event "Madrid San Viator op-B 25th"]
[Site "Madrid"]
[Date "2015.11.22"]
[Round "9"]
[White "Dominguez Lerida, Nicolas"]
[Black "Manso Santamaria, Juan Carlos"]
[Result "0-1"]
[WhiteElo "1509"]
[BlackElo "1707"]
[PlyCount "41"]
[EventDate "2015.10.04"]
[EventType "swiss"]
[EventRounds "9"]
[EventCountry "ESP"]
[SourceTitle "EXT 2019"]
[Source "ChessBase"]
[SourceDate "2018.10.10"]
[SourceVersion "1"]
[SourceVersionDate "2018.10.10"]
[SourceQuality "1"]

1. d4 Nf6 2. c4 c5 3. d5 b5 4. Nf3 bxc4 5. Nc3 d6 6. e4 Qa5 7. Nd2 Ba6 8. Qc2 g6 9. Bxc4 Bg7 10. 0-0 Ng4 11. Bxa6 Nxa6 12. Nc4 Qb4 13. Qe2 Nc7 14. a3 Qb7 15. Qxg4 0-0 16. Qe2 Nb5 17. Bd2 Nd4 18. Qd3 Qc7 19. Ne2 Rab8 20. Nxd4 Bxd4 21. Rab1 0-1

[Event "Madrid San Viator op-B 25th"]
[Site "Madrid"]
[Date "2015.10.12"]
[Round "3"]
[White "Manso Santamaria, Juan Carlos"]
[Black "Hernandez Herrera, Rodolfo"]
[Result "1-0"]
[WhiteElo "1707"]
[BlackElo "1300"]
[PlyCount "115"]
[EventDate "2015.10.04"]
[EventType "swiss"]
[EventRounds "9"]
[EventCountry "ESP"]
[SourceTitle "EXT 2019"]
[Source "ChessBase"]
[SourceDate "2018.10.10"]
[SourceVersion "1"]
[SourceVersionDate "2018.10.10"]
[SourceQuality "1"]

1. f4 Nf6 2. Nf3 d5 3. e3 Nc6 4. b3 g6 5. Bb2 Bg7 6. Be2 0-0 7. 0-0 Re8 8. Ne5 Nxe5 9. fxe5 Nd7 10. d4 f6 11. Nc3 c6 12. e4 Nf8 13. exd5 a6 14. dxc6 bxc6 15. Bf3 Bb7 16. Ne2 Qb6 17. Kh1 Rad8 18. Qe1 Ne6 19. Rd1 c5 20. d5 Ng5 21. Nf4 Nxf3 22. gxf3 g5 23. Ne6 Rxd5 24. Nxg7 Kxg7 25. exf6+ exf6 26. Qxe8 Rxd1 27. Qe7+ Kg6 28. Qe8+ Kg7 29. Rxd1 Bxf3+ 30. Kg1 Bxd1 31. Qd7+ Kg6 32. Qxd1 c4+ 33. Qd4 Qxd4+ 34. Bxd4 cxb3 35. axb3 Kf5 36. c4 Ke6 37. b4 f5 38. Kf2 f4 39. Kf3 Kf5 40. b5 g4+ 41. Kf2 axb5 42. cxb5 Ke6 43. b6 Kd7 44. Be5 g3+ 45. hxg3 fxg3+ 46. Kxg3 Kc6 47. Bc7 Kb7 48. Kh4 Ka8 49. Kh5 h6 50. Kxh6 Kb7 51. Kg5 Ka8 52. Kf6 Kb7 53. Ke7 Ka8 54. Kd6 Kb7 55. Bd8 Ka8 56. Kc6 Kb8 57. Bc7+ Kc8 58. b7# 1-0

[Event "Madrid San Viator op-B 25th"]
[Site "Madrid"]
[Date "2015.10.04"]
[Round "1"]
[White "Benitez Robles, Antonio"]
[Black "Manso Santamaria, Juan Carlos"]
[Result "1-0"]
[WhiteElo "1425"]
[BlackElo "1707"]
[PlyCount "63"]
[EventDate "2015.10.04"]
[EventType "swiss"]
[EventRounds "9"]
[EventCountry "ESP"]
[SourceTitle "EXT 2019"]
[Source "ChessBase"]
[SourceDate "2018.10.10"]
[SourceVersion "1"]
[SourceVersionDate "2018.10.10"]
[SourceQuality "1"]

1. e4 e6 2. d4 d5 3. exd5 exd5 4. Nc3 Nf6 5. Nf3 c6 6. Be2 Bd6 7. 0-0 0-0 8. a4 Bf5 9. Rb1 a5 10. Kh1 Nbd7 11. Nh4 Be6 12. f4 Ne4 13. Nf3 Ndf6 14. Ne5 Qc7 15. Bf3 Nxc3 16. bxc3 Ne4 17. Qe1 f6 18. Bxe4 dxe4 19. f5 Bd5 20. Ng4 h5 21. Ne3 Bf7 22. g3 Rfe8 23. Qf2 Rad8 24. Rg1 b5 25. g4 bxa4 26. Qh4 hxg4 27. Rxg4 Kf8 28. Qh8+ Bg8 29. Nc4 Bxh2 30. Ba3+ Bd6 31. Rbg1 Bxa3 32. Rxg7 1-0

[Event "Madrid San Viator op 23rd"]
[Site "Madrid"]
[Date "2014.10.26"]
[Round "5"]
[White "Manso Santamaria, Juan Carlos"]
[Black "Blanco Diez, David"]
[Result "0-1"]
[WhiteElo "1647"]
[BlackElo "1506"]
[PlyCount "60"]
[EventDate "2014.09.28"]
[EventType "swiss"]
[EventRounds "9"]
[EventCountry "ESP"]
[SourceTitle "EXT 2016"]
[Source "ChessBase"]
[SourceDate "2015.10.08"]
[SourceVersion "1"]
[SourceVersionDate "2015.10.08"]
[SourceQuality "1"]

1. f4 d5 2. Nf3 g6 3. e3 Bg7 4. Nc3 Nh6 5. Be2 0-0 6. 0-0 b6 7. b3 Bb7 8. Bb2 Nd7 9. Na4 Bxb2 10. Nxb2 Nf6 11. c4 c5 12. Ne5 Nf5 13. g4 Nd6 14. Nbd3 Nfe4 15. f5 f6 16. Nf3 dxc4 17. bxc4 Ba6 18. Nf4 Qd7 19. Rc1 gxf5 20. Nh4 fxg4 21. Bxg4 f5 22. Be2 e5 23. Nd5 Nxc4 24. Bxc4 Bxc4 25. Rxc4 Qxd5 26. d3 Kh8 27. Nxf5 Rg8+ 28. Ng3 Nxg3 29. Rf3 Ne4+ 30. Kf1 Nd2+ 0-1

[Event "Madrid San Viator op 23rd"]
[Site "Madrid"]
[Date "2014.10.19"]
[Round "4"]
[White "Perez Perez, Marta"]
[Black "Manso Santamaria, Juan Carlos"]
[Result "1/2-1/2"]
[WhiteElo "1364"]
[BlackElo "1647"]
[PlyCount "66"]
[EventDate "2014.09.28"]
[EventType "swiss"]
[EventRounds "9"]
[EventCountry "ESP"]
[SourceTitle "EXT 2016"]
[Source "ChessBase"]
[SourceDate "2015.10.08"]
[SourceVersion "1"]
[SourceVersionDate "2015.10.08"]
[SourceQuality "1"]

1. e4 e6 2. d4 d5 3. Nd2 dxe4 4. Nxe4 Be7 5. Nf3 Nf6 6. Nc3 0-0 7. Bd3 Nbd7 8. 0-0 c5 9. Re1 a6 10. Be3 b5 11. dxc5 Nxc5 12. Bxc5 Bxc5 13. Ne4 Ba7 14. c3 Bb7 15. Qc2 h6 16. Rad1 Qe7 17. Nxf6+ Qxf6 18. Be4 Bxe4 19. Qxe4 g5 20. h3 b4 21. Qxb4 Rab8 22. Qa3 Ra8 23. Rd6 Rfd8 24. Rxd8+ Rxd8 25. Qxa6 Rd7 26. Qa4 Qe7 27. Rd1 Rb7 28. Rd2 Qc5 29. Qe4 Rb8 30. Qd4 Qa5 31. Qc4 Qb6 32. Qd4 Qa5 33. Qc4 Qb6 1/2-1/2

[Event "Madrid San Viator op 21st"]
[Site "Madrid"]
[Date "2013.09.29"]
[Round "1"]
[White "Manso Santamaria, Juan Carlos"]
[Black "Ochoa, Bryan Alejandro"]
[Result "1-0"]
[WhiteElo "1659"]
[BlackElo "1193"]
[PlyCount "51"]
[EventDate "2013.09.29"]
[EventType "swiss"]
[EventRounds "9"]
[EventCountry "ESP"]
[SourceTitle "EXT 2015"]
[Source "ChessBase"]
[SourceDate "2014.11.20"]
[SourceVersion "1"]
[SourceVersionDate "2014.11.20"]
[SourceQuality "1"]

1. f4 c6 2. Nf3 d5 3. e3 Bf5 4. b3 Nf6 5. Bb2 e6 6. Be2 Be7 7. 0-0 0-0 8. Nd4 Be4 9. d3 c5 10. dxe4 cxd4 11. e5 Ne4 12. exd4 g5 13. Nd2 Nxd2 14. Qxd2 gxf4 15. Qxf4 Bg5 16. Qg4 Kh8 17. Bc1 f5 18. Qxg5 Qxg5 19. Bxg5 Nc6 20. c3 Rac8 21. Rf3 Kg8 22. Bh6 Rf7 23. Rg3+ Kh8 24. Bh5 Re7 25. Bg5 Rg7 26. Bf6 1-0